000 00773nam a2200253 a 4500
001 46271
003 BD-RjUL
005 20211209054129.0
008 160801s1966 uk 001 0 eng
035 _a(BD-RjUL)46389
040 _aDLC
_cOAkU
_dUk
_dBD-RjUL
_beng
041 _aeng
082 _a341.0202
_223
_bINT 1966
245 1 0 _aInternational law in a nutshell /
_cedited by N.M. Chambers.
260 _aLondon :
_bSweet & Maxwell,
_cc1966
300 _axi, 88 p. ;
_c19 cm.
490 0 _aNutshell series
500 _aPrevious ed. by Nevill March Hunnings.
500 _aIncludes index.
650 0 _aInternational law
_xOutlines, syllabi, etc.
_9141317
700 1 _aChambers, Nicholas Mordaunt
_9141318
830 _aNutshell series
_9141319
942 _2ddc
_cBK
999 _c46271
_d46271